Motor vehicles

Saved in:
Bibliographic Details
Corporate Author: British industry today
Format: Book
Language:Undetermined
Published: London Central Office of Information 1972
Subjects:
Tags: Add Tag
No Tags, Be the first to tag this record!
Institutions: Trung tâm Học liệu Trường Đại học Cần Thơ
LEADER 00493nam a2200181Ia 4500
001 CTU_84416
008 210402s9999 xx 000 0 und d
082 |a 338.4 
082 |b B862 
110 |a British industry today 
245 0 |a Motor vehicles 
245 0 |c British industry today 
260 |a London 
260 |b Central Office of Information 
260 |c 1972 
650 |a Technology transfer 
904 |i QHieu(sửa) 
980 |a Trung tâm Học liệu Trường Đại học Cần Thơ